000 00450nam a2200169 i 4500
001 146736
003 ES-MaACL
005 20230906201643.0
007 t|
008 070917q1972 sp ||||1| spa d
100 1 _aTrives, Eduardo.
_9111463
245 1 3 _aEl árbol destruido /
_cEduardo Trives.
250 _a[1ª ed.].
260 _aBarcelona :
_b[Marte,
_c1972]
300 _a267 p. :
_bil. ;
_c20 cm.
852 _aES-MaACL
_jC-43806
_bR.82697
999 _c146736
_d146736